000 00326nam a2200121Ia 4500
008 190722s9999 xx 000 0 und d
020 _a978-969-7649-00-6
100 _aAbdul Hafeez Fazli
245 4 _aThe Quranic Theology Philosophy and Spirituality
260 _aLahor
_bPresent Version
_c2016
300 _a392
942 _cBK
999 _c802
_d802